| 000 | 00498ntaaa2200193 4500 | ||
|---|---|---|---|
| 003 | 01 | ||
| 005 | 20251027202553.0 | ||
| 008 | 0714s1973 ag 01 | ||
| 040 |
_aAR-BaBN _bspa _cAR-BaBN _eaacr _dRIC |
||
| 082 | _a301.4270 K83 | ||
| 100 | _aKoonce, Ray F | ||
| 245 | _aGrowing with your children | ||
| 250 | _a1 ed. | ||
| 260 |
_aNashville : _bBroadman Press, _cc1963 |
||
| 300 | _a134 p | ||
| 500 | _aComo los padres pueden ayudar a sus hijos a desarrollarse | ||
| 650 | _aniƱos | ||
| 942 | _cBK | ||
| 999 |
_c20804 _d20804 |
||